The Death and Life of Great American Cities
Na minha lista:
| Autor principal: | |
|---|---|
| Formato: | Livro |
| Idioma: | inglês |
| Publicado em: |
London :
Pimlico,
2000
|
| Assuntos: | |
| Tags: |
Sem tags, seja o primeiro a adicionar uma tag!
|
MARC
| LEADER | 00000nam a22000003a 4500 | ||
|---|---|---|---|
| 001 | stu256136 | ||
| 005 | 20150617230211.7 | ||
| 008 | 121022s2000------------------------eng-d | ||
| 020 | |a 978-0-7126-6583-4 | ||
| 040 | |a STU |b slo | ||
| 041 | 0 | |a eng | |
| 100 | 1 | |a Jacobs, Jane |4 aut | |
| 245 | 1 | |a The Death and Life of Great American Cities | |
| 260 | |a London : |b Pimlico, |c 2000 | ||
| 300 | |a 474 s | ||
| 650 | 7 | |a urbanism |2 estusub | |
| 650 | 7 | |a urbanizmus sídiel |2 stusub | |
| 996 | |b 284AU05368 |c A*8095 U |l AAKNAR |s A |a 24 |w stu256136_0001 | ||